| 000 | 00640nam a2200229Ia 4500 | ||
|---|---|---|---|
| 008 | 180523s9999 xx 000 0 und d | ||
| 020 | _a0-07-140278-0 | ||
| 050 | _aMAIN BF 632.5 | ||
| 050 | _b.B73 2004 | ||
| 100 | _aBraiker, Harriet B. | ||
| 245 | 0 | _aWho's pulling your strings? : | |
| 245 | 0 | _bhow to break the cycle of manipulation and regain control of your life / | |
| 245 | 0 | _cHarriet B. Braiker. | |
| 260 | _aNew York : | ||
| 260 | _bMcGraw-Hill, | ||
| 260 | _c2004 | ||
| 300 | _a260 pages : | ||
| 300 | _c24 cm. | ||
| 500 | _aIncludes index. | ||
| 650 | _aManipulative behavior. | ||
| 650 | _xControl (Psychology). | ||
| 999 |
_c356518 _d356518 |
||